| 000 | 00506nam a2200181Ia 4500 | ||
|---|---|---|---|
| 005 | 20250508163731.0 | ||
| 008 | 008 250505s9999 xx 000 0 eng d | ||
| 037 | _aReference | ||
| 040 |
_aFEDL _beng _cFEDL |
||
| 041 |
_aeng _2eng |
||
| 084 |
_a330.9, WOR _qFEDL |
||
| 245 | 0 | _aKnowledge for development | |
| 245 | 0 | _cWorld Development Report | |
| 260 |
_aNew York, USA _bOxford University Press _c1999 |
||
| 300 | _aviii,251p. | ||
| 942 |
_cREF _h330.9, WOR |
||
| 999 |
_c1384958 _d1384958 |
||